| 000 | 00408nam a22001697a 4500 | ||
|---|---|---|---|
| 005 | 20180904112652.0 | ||
| 008 | 160618b xxu||||| |||| 00| 0 eng d | ||
| 020 | _a978-0-07-463108-9 | ||
| 041 | _aeng | ||
| 082 |
_b8134 _a658.4012 |
||
| 100 |
_aSadagopan, S. _9373 |
||
| 245 | _aERP. A Managerial Perspective | ||
| 260 |
_bTMH _c2010 _adelhi |
||
| 300 | _a237p, | ||
| 650 |
_aManagement _9241 |
||
| 942 | _cBK | ||
| 999 |
_c3101 _d3100 |
||